[Event "West Wales Open"]
[Site "Pontlliw"]
[Date "2025.11.15"]
[Round "2.14"]
[White "Burton, Henry"]
[Black "Mckenna, Joshua"]
[Result "1/2-1/2"]
[Annotator "Home"]
[WhiteElo "1446"]
[BlackElo "1750"]
[WhiteFideId "-1"]
[PlyCount "55"]
[GameId "2254970339100060"]
[EventDate "2025.11.14"]
[EventType "swiss"]
[EventRounds "5"]
[EventCountry "WLS"]

{[%evp 0,55,21,31,16,15,13,17,15,-69,-10,-2,-13,0,14,16,19,-11,3,-43,-45,-8,-25,-66,-160,-83,-15,-56,-50,-92,-155,-129,-142,-100,-17,-134,-101,-99,21,-168,-28,-172,29,194,12,16,48,71,102,121,82,56,55,-6,83,-31,9,22]} 1. Nf3 Nf6 2. c4 e6 3. g3 d5 4. cxd5 exd5 5. Bg2 c6 6. d3 Bd6 7. O-O O-O 8. Bg5 Bg4 9. e4 dxe4 10. dxe4 h6 11. Bxf6 Qxf6 12. Nc3 Bb4 13. Rc1 Rd8 14. Qe2 Nd7 15. h3 Bh5 16. g4 Bg6 17. a3 Ba5 18. b4 Bc7 19. b5 Ne5 20. bxc6 Nxc6 21. Nd5 Qd6 22. Rfd1 Ba5 23. Nb6 Qxa3 24. Nxa8 Rxa8 25. Ra1 Qe7 26. Nd2 Bc7 27. Rdc1 Bf4 28. Rd1 1/2-1/2

[Event "West Wales Open"]
[Site "Pontlliw"]
[Date "2025.11.15"]
[Round "3.1"]
[White "McCarthy, Maurice"]
[Black "May, Adam J"]
[Result "0-1"]
[WhiteElo "1961"]
[BlackElo "1861"]
[WhiteFideId "-1"]
[PlyCount "64"]
[GameId "2254974906927181"]
[EventDate "2025.11.14"]
[EventType "swiss"]
[EventRounds "5"]
[EventCountry "WLS"]

1. d4 d5 2. c4 c6 3. Nc3 Nf6 4. Nf3 e6 5. Bg5 dxc4 6. e4 b5 7. e5 h6 8. Bh4 g5 9. Bg3 Nd5 10. Be2 Bb4 11. Rc1 Bb7 12. O-O Nxc3 13. bxc3 Ba3 14. Rc2 c5 15. Rd2 Nd7 16. Bxc4 bxc4 17. Qa4 cxd4 18. Nxd4 Be7 19. Nxe6 fxe6 20. Qc2 Kf7 21. f4 Kg7 22. f5 Qb6+ 23. Kh1 Rad8 24. Qd1 Qc6 25. f6+ Nxf6 26. exf6+ Bxf6 27. Qe2 Rxd2 28. Qxd2 Rd8 29. Qe2 Qxg2+ 30. Qxg2 Bxg2+ 31. Kxg2 Rd2+ 32. Kf3 Rd3+ 0-1

[Event "West Wales Open"]
[Site "Pontlliw"]
[Date "2025.11.15"]
[Round "3.2"]
[White "Van Kemenade, Rudy"]
[Black "Young, Alan J"]
[Result "0-1"]
[WhiteElo "1937"]
[BlackElo "1951"]
[BlackFideId "-1"]
[PlyCount "124"]
[GameId "2244568573341753"]
[EventDate "2025.11.14"]
[EventType "swiss"]
[EventRounds "5"]
[EventCountry "WLS"]

1. e4 e5 2. Nf3 Nc6 3. Bb5 a6 4. Ba4 Nf6 5. d3 d6 6. c3 g6 7. O-O Bg7 8. Nbd2 O-O 9. Re1 b5 10. Bc2 Bb7 11. a4 Nh5 12. axb5 axb5 13. Rxa8 Bxa8 14. Nf1 d5 15. Qe2 d4 16. cxd4 Nxd4 17. Nxd4 Qxd4 18. Be3 Qd6 19. Rc1 Rd8 20. Bb1 h6 21. Qd2 Kh7 22. Qc2 c6 23. Nd2 Bf8 24. Nb3 Qf6 25. g3 Qf3 26. Qd1 Qf6 27. Bc5 Qg5 28. Qf3 Kg7 29. h4 Qf6 30. Qe3 Bd6 31. Bxd6 Rxd6 32. Nc5 Qd8 33. Ba2 Qc7 34. Bb3 Nf6 35. Qf3 h5 36. Ra1 Qb6 37. Rc1 Bb7 38. Qe3 Qc7 39. f4 Ng4 40. Qd2 Rf6 41. f5 gxf5 42. Qg5+ Rg6 43. Qxh5 Qd6 44. Qxf5 Qd4+ 45. Kh1 Nf6 46. Qf3 Bc8 47. Kg2 Qxb2+ 48. Rc2 Qb1 49. d4 Bg4 50. Qf2 exd4 51. Qxd4 Bh3+ 52. Kh2 Kh7 53. Qg1 Qxg1+ 54. Kxg1 Rxg3+ 55. Kh2 Re3 56. Rc1 Ng4+ 57. Kh1 Rg3 58. Rc2 Ne5 59. Rf2 Nf3 60. Rxf3 Rxf3 61. Kh2 Bf1 62. Bd1 Rc3 0-1

[Event "West Wales Open"]
[Site "Pontlliw"]
[Date "2025.11.15"]
[Round "3.3"]
[White "Brewer, Ben"]
[Black "Jukes, Sam"]
[Result "0-1"]
[Annotator "Home"]
[WhiteElo "1828"]
[BlackElo "1891"]
[WhiteFideId "-1"]
[PlyCount "98"]
[GameId "2254976554506395"]
[EventDate "2025.11.14"]
[EventType "swiss"]
[EventRounds "5"]
[EventCountry "WLS"]

1. e4 c5 2. Nc3 Nc6 3. Bb5 Nd4 4. Nf3 a6 5. Bd3 g6 6. Nxd4 cxd4 7. Ne2 Bg7 8. c3 e5 9. cxd4 exd4 10. O-O Ne7 11. f4 Nc6 12. b4 Nxb4 13. Qb3 Nxd3 14. Qxd3 O-O 15. Nxd4 Qb6 16. e5 d6 17. Rb1 Qa7 18. Qe3 dxe5 19. fxe5 Re8 20. Qf2 b5 21. Bb2 Bxe5 22. Kh1 Be6 23. Rbe1 Bc4 24. Rxe5 Rxe5 25. d3 Bd5 26. Qf4 Rae8 27. Nc6 {(=)} Bxc6 28. Bxe5 Qb7 29. Rf2 Qe7 30. d4 f5 31. h4 Be4 32. Kh2 Rc8 33. Bd6 Qf7 34. Bc5 Rc6 35. g4 Qc7 36. Qxc7 Rxc7 37. g5 Kf7 38. Kg3 Ke6 39. Kf4 Kd5 40. a3 Rc6 41. Re2 a5 42. Rb2 Rxc5 43. dxc5 Kxc5 44. Ke5 b4 45. axb4+ axb4 46. Kf6 Kc4 47. Kg7 Kc3 48. Re2 b3 49. Kxh7 b2 0-1

[Event "West Wales Open"]
[Site "Pontlliw"]
[Date "2025.11.15"]
[Round "3.5"]
[White "Sipho, Donovan"]
[Black "Thomas, Roy"]
[Result "0-1"]
[WhiteElo "1793"]
[BlackElo "1748"]
[WhiteFideId "-1"]
[PlyCount "90"]
[GameId "2254979160774857"]
[EventDate "2025.11.14"]
[EventType "swiss"]
[EventRounds "5"]
[EventCountry "WLS"]

1. c4 e6 2. Nc3 f5 3. d4 Nf6 4. g3 Be7 5. Bg2 d6 6. e4 O-O 7. Qb3 c6 8. d5 cxd5 9. cxd5 e5 10. Nge2 Na6 11. f4 Nc5 12. Qc2 fxe4 13. Nxe4 Ncxe4 14. Bxe4 Nxe4 15. Qxe4 Bf5 16. Qb4 Qd7 17. Bd2 a5 18. Qb3 Kh8 19. O-O Bh3 20. Rf2 b5 21. Be3 a4 22. Qd3 Bf5 23. Qd2 Rac8 24. Rc1 Rxc1+ 25. Nxc1 Rc8 26. Nd3 Bf6 27. Nb4 Rc4 28. a3 h5 29. fxe5 Bxe5 30. Qe2 g6 31. Qf3 Qg7 32. Qe2 Re4 33. Qd2 Bxb2 34. Bh6 Qd4 35. Nc2 Qxd2 36. Rxd2 Rc4 37. Ne3 Rc1+ 38. Kf2 Bxa3 39. Nxf5 gxf5 40. Rd3 Bc5+ 41. Kf3 Rc4 42. Ke2 b4 43. Rf3 b3 44. Bg5 Kg7 45. Rxf5 Kg6 0-1

[Event "West Wales Open"]
[Site "Pontlliw"]
[Date "2025.11.15"]
[Round "3.11"]
[White "Mckenna, Joshua"]
[Black "Van Kemenade, Julie"]
[Result "0-1"]
[WhiteElo "1750"]
[BlackElo "1748"]
[BlackFideId "-1"]
[PlyCount "72"]
[GameId "2245938114996286"]
[EventDate "2025.11.14"]
[EventType "swiss"]
[EventRounds "5"]
[EventCountry "WLS"]

1. d4 d6 2. e4 g6 3. Nc3 Bg7 4. Bg5 c6 5. Qd2 Nd7 6. O-O-O b5 7. Kb1 Nb6 8. f4 Qc7 9. Nf3 Bd7 10. h3 a5 11. e5 d5 12. Ne2 Nc4 13. Qc1 a4 14. g4 e6 15. Rd3 Bf8 16. Nd2 c5 17. c3 Nxd2+ 18. Rxd2 c4 19. a3 Rb8 20. Kc2 Be7 21. Bxe7 Nxe7 22. Ng3 Nc6 23. f5 Qa7 24. h4 b4 25. axb4 a3 26. Qa1 a2 27. b3 cxb3+ 28. Kxb3 Nxb4 29. Bb5 Bxb5 30. cxb4 Qa4+ 31. Kb2 Bc4 32. Kc1 Rxb4 33. Rb2 Qa3 34. Rhh2 Kd7 35. Kd1 Rhb8 36. Rxb4 Rxb4 0-1

[Event "West Wales Open"]
[Site "Pontlliw"]
[Date "2025.11.15"]
[Round "3.12"]
[White "Williams, John A"]
[Black "Plotnikov, Dmytro"]
[Result "0-1"]
[WhiteElo "1686"]
[BlackElo "1760"]
[WhiteFideId "-1"]
[BlackFideId "-1"]
[PlyCount "108"]
[GameId "2255008112549972"]
[EventDate "2025.11.14"]
[EventType "swiss"]
[EventRounds "5"]
[EventCountry "WLS"]

1. d4 Nf6 2. c4 b6 3. Nc3 Bb7 4. Bf4 e6 5. e3 d5 6. Nf3 Be7 7. Rc1 c6 8. cxd5 exd5 9. Bd3 O-O 10. O-O Na6 11. Qe2 Nb4 12. Ne5 a5 13. Rfe1 Nxd3 14. Qxd3 Nh5 15. Ne2 Nxf4 16. Nxf4 Qd6 17. a3 Bf6 18. Qf5 g6 19. Qd7 Bxe5 20. Qxb7 Bxf4 21. exf4 Qxf4 22. Qxc6 Rac8 23. Qxc8 Rxc8 24. Rxc8+ Kg7 25. Rc6 Qf5 26. g3 Qf3 27. Rec1 Qe4 28. Rd1 Qe2 29. Rdc1 Qxb2 30. R1c3 b5 31. Kg2 b4 32. axb4 Qxb4 33. R3c5 Qxd4 34. Rxa5 Qe4+ 35. Kh3 Qf5+ 36. Kg2 Qe4+ 37. Kh3 h5 38. Rc7 Qe6+ 39. Kg2 d4 40. Raa7 Qe4+ 41. Kh3 Qf5+ 42. Kg2 Qd5+ 43. Kf1 Qh1+ 44. Ke2 Qe4+ 45. Kd2 d3 46. Rxf7+ Kh6 47. Rh7+ Kg5 48. Ra5+ Kg4 49. Rha7 Qe2+ 50. Kc3 Qc2+ 51. Kd4 d2 52. Ra1 d1=Q+ 53. Rxd1 Qxd1+ 54. Ke3 Qf3+ 0-1

[Event "West Wales Open"]
[Site "Pontlliw"]
[Date "2025.11.16"]
[Round "4.2"]
[White "Thomas, Roy"]
[Black "Westcott, Dale"]
[Result "0-1"]
[WhiteElo "1748"]
[BlackElo "1824"]
[PlyCount "62"]
[GameId "2255022419162219"]
[EventDate "2025.11.14"]
[EventType "swiss"]
[EventRounds "5"]
[EventCountry "WLS"]

1. f4 d5 2. Nf3 Nf6 3. e3 Bf5 4. b3 e6 5. Bb2 Be7 6. Be2 O-O 7. O-O c5 8. d3 Nc6 9. Qe1 Nb4 10. Bd1 c4 11. a3 cxd3 12. Nd4 Nxc2 13. Bxc2 dxc2 14. Nxf5 exf5 15. Nd2 Rc8 16. Rc1 Qb6 17. Qg3 Ng4 18. Rfe1 Bf6 19. Bxf6 Nxf6 20. b4 d4 21. exd4 Qxd4+ 22. Qe3 Qxe3+ 23. Rxe3 Rfd8 24. Nb3 Nd5 25. Rd3 Nxf4 26. Rxd8+ Rxd8 27. Rxc2 g6 28. g3 Ne6 29. Kf2 Rd3 30. Rb2 Kg7 31. Ke2 Rxb3 0-1

[Event "West Wales Open"]
[Site "Pontlliw"]
[Date "2025.11.16"]
[Round "4.3"]
[White "Jukes, Sam"]
[Black "Zeidler, Sven P"]
[Result "0-1"]
[WhiteElo "1891"]
[BlackElo "2100"]
[BlackFideId "-1"]
[PlyCount "62"]
[GameId "2255023311266935"]
[EventDate "2025.11.14"]
[EventType "swiss"]
[EventRounds "5"]
[EventCountry "WLS"]

1. e4 Nc6 2. d4 d5 3. e5 f6 4. f4 Nh6 5. Nf3 Bg4 6. Be2 e6 7. O-O Qd7 8. c3 Nf5 9. b4 Be7 10. Na3 O-O 11. Nc2 a5 12. b5 Na7 13. a4 Nc8 14. h3 Bxf3 15. Rxf3 Nh4 16. Rf1 fxe5 17. dxe5 c5 18. bxc6 Qxc6 19. g3 Qxc3 20. Kh2 Nf5 21. Rf3 Qc7 22. g4 Nh4 23. Rb3 g5 24. Nd4 gxf4 25. Nf3 Nxf3+ 26. Bxf3 Nb6 27. Rab1 Bb4 28. Bd2 Nxa4 29. Bxb4 axb4 30. Rxb4 Nc3 31. Rxb7 Qxb7 0-1

[Event "West Wales Open"]
[Site "Pontlliw"]
[Date "2025.11.16"]
[Round "4.4"]
[White "Kett, Timothy J"]
[Black "Brewer, Ben"]
[Result "1-0"]
[Annotator "Home"]
[WhiteElo "2094"]
[BlackElo "1828"]
[WhiteFideId "-1"]
[BlackFideId "-1"]
[PlyCount "97"]
[GameId "2255024410567841"]
[EventDate "2025.11.14"]
[EventType "swiss"]
[EventRounds "5"]
[EventCountry "WLS"]

1. e4 e6 2. d4 d5 3. Nc3 Nf6 4. Bg5 Be7 5. e5 Nfd7 6. h4 Bxg5 7. hxg5 Qxg5 8. Qd3 h6 9. Nh3 Qe7 10. O-O-O Nc6 11. Nf4 Nf8 12. Nh5 Rg8 13. f4 Bd7 14. Qg3 O-O-O 15. Nf6 gxf6 16. Qxg8 Ng6 17. Qg7 fxe5 18. fxe5 Qg5+ 19. Kb1 Ngxe5 20. Qxg5 hxg5 21. dxe5 Nxe5 22. Rh7 Rf8 23. Bb5 c6 24. Be2 f5 25. Rdh1 g4 26. Rh8 Re8 27. Kc1 b5 28. b4 Kc7 29. Rxe8 Bxe8 30. Rh7+ Bd7 31. Rg7 Kb6 32. Nd1 a5 33. bxa5+ Kxa5 34. Nf2 Kb6 35. Nd3 Nxd3+ 36. cxd3 Kc7 {(=)} 37. d4 Kd6 38. a3 Kc7 39. g3 Kd6 40. Kd2 Bc8 41. Kc3 Bd7 42. Kb4 Be8 43. Ka5 Bd7 44. Kb6 Be8 45. Rg8 Bh5 46. Rd8+ Ke7 47. Rh8 f4 48. Rxh5 fxg3 49. Rh1 1-0

[Event "West Wales Open"]
[Site "Pontlliw"]
[Date "2025.11.16"]
[Round "4.5"]
[White "Pleasants, Allan J"]
[Black "Chen, Wutong"]
[Result "0-1"]
[WhiteElo "2003"]
[BlackElo "1698"]
[BlackFideId "-1"]
[PlyCount "61"]
[GameId "2255025634157742"]
[EventDate "2025.11.14"]
[EventType "swiss"]
[EventRounds "5"]
[EventCountry "WLS"]

1. e4 e6 2. d4 d5 3. Nd2 c5 4. Ngf3 Nc6 5. e5 Qb6 6. c3 cxd4 7. cxd4 Nxd4 8. Bd3 Bd7 9. O-O Ne7 10. Nxd4 Qxd4 11. Nf3 Qb6 12. Be3 Qc7 13. Rc1 Nc6 14. a3 Be7 15. b4 a6 16. Bb1 Qb8 17. Bd4 a5 18. Bc5 Nxe5 19. Nxe5 Qxe5 20. Re1 Qg5 21. Re3 Bxc5 22. Rxc5 O-O 23. h4 Qf4 24. Rf3 Qg4 25. Qd3 g6 26. Rc7 e5 27. Qxd5 Be6 28. Qe4 axb4 29. axb4 Ra1 30. Kh2 Qh5 31. g3 0-1

[Event "West Wales Open"]
[Site "Pontlliw"]
[Date "2025.11.16"]
[Round "4.6"]
[White "Bakhtiyarov, Kamronbek"]
[Black "McCarthy, Maurice"]
[Result "0-1"]
[WhiteElo "1847"]
[BlackElo "1961"]
[WhiteFideId "-1"]
[BlackFideId "-1"]
[PlyCount "64"]
[GameId "2255026854470852"]
[EventDate "2025.11.14"]
[EventType "swiss"]
[EventRounds "5"]
[EventCountry "WLS"]

1. e4 c5 2. c3 Nf6 3. e5 Nd5 4. Nf3 d6 5. d4 cxd4 6. Qxd4 e6 7. Bg5 Nc6 8. Bb5 Qb6 9. Bxc6+ bxc6 10. Qxb6 axb6 11. exd6 Bxd6 12. Nbd2 f6 13. Bh4 e5 14. Bg3 Ba6 15. c4 Nb4 16. O-O Ke7 17. Rfd1 Rhd8 18. a3 Nd3 19. b3 b5 20. Ne4 bxc4 21. bxc4 Bxc4 22. Nxd6 Rxd6 23. Nd2 Nb2 24. Nxc4 Rxd1+ 25. Rxd1 Nxd1 26. f3 Ra4 27. Nd2 Rxa3 28. Be1 Ke6 29. Nc4 Ra2 30. Kf1 Kd5 31. Nd2 c5 32. Ke2 Nc3+ 0-1

[Event "West Wales Open"]
[Site "Pontlliw"]
[Date "2025.11.16"]
[Round "4.7"]
[White "Van Kemenade, Julie"]
[Black "Van Kemenade, Rudy"]
[Result "1/2-1/2"]
[WhiteElo "1748"]
[BlackElo "1937"]
[WhiteFideId "-1"]
[PlyCount "146"]
[GameId "2245564324626521"]
[EventDate "2025.11.14"]
[EventType "swiss"]
[EventRounds "5"]
[EventCountry "WLS"]

1. e4 e5 2. Bc4 Nf6 3. d3 c6 4. Bb3 d5 5. Qe2 Nbd7 6. Nf3 Bd6 7. O-O O-O 8. Re1 dxe4 9. dxe4 Nc5 10. Nbd2 Bg4 11. h3 Bh5 12. c3 Bg6 13. Bc2 Nh5 14. Nf1 Ne6 15. g3 a5 16. Be3 a4 17. Rad1 Qe7 18. N1h2 Nf6 19. Bg5 Nxg5 20. Nxg5 h6 21. Ngf3 Bc5 22. Kg2 Qe6 23. Bb1 Nh7 24. Ng4 f6 25. Nh4 Bf7 26. Nf5 h5 27. Nh2 g6 28. Nh6+ Kg7 29. Nxf7 Qxf7 30. Rd2 Rfd8 31. Red1 Rxd2 32. Qxd2 Nf8 33. Nf3 b5 34. g4 hxg4 35. hxg4 Ne6 36. Qd7 Rd8 37. Qxf7+ Kxf7 38. Rxd8 Nxd8 39. g5 Ne6 40. gxf6 Nf4+ 41. Kf1 Kxf6 42. Ne1 Nh3 43. f3 Be3 44. Ke2 Bh6 45. Bc2 Bf8 46. c4 Nf4+ 47. Kf1 Ne6 48. cxb5 cxb5 49. Nd3 Nd4 50. Bd1 Bd6 51. Kf2 Nc6 52. Kg3 Bc7 53. Be2 Bb6 54. Bf1 Bd4 55. Bh3 Ke7 56. Bc8 Na5 57. Ba6 b4 58. b3 axb3 59. axb3 Bc3 60. Bc4 Nxc4 61. bxc4 b3 62. Kg4 Kf6 63. c5 b2 64. Nxb2 Bxb2 65. f4 exf4 66. Kxf4 Bc1+ 67. Kg4 Be3 68. c6 Ke6 69. e5 g5 70. Kf3 Bb6 71. Kg4 Bd8 72. c7 Bxc7 73. Kxg5 Kxe5 1/2-1/2

[Event "West Wales Open"]
[Site "Pontlliw"]
[Date "2025.11.16"]
[Round "4.14"]
[White "White, Chris R"]
[Black "Pintea, Vlad"]
[Result "1/2-1/2"]
[WhiteElo "1894"]
[BlackElo "1611"]
[WhiteFideId "-1"]
[BlackFideId "-1"]
[PlyCount "36"]
[GameId "2255040740194887"]
[EventDate "2025.11.14"]
[EventType "swiss"]
[EventRounds "5"]
[EventCountry "WLS"]

1. d4 d5 2. Nf3 Nf6 3. Bf4 e6 4. c3 Bd6 5. Bxd6 Qxd6 6. e3 O-O 7. Bd3 b6 8. Nbd2 Bb7 9. Qc2 c5 10. b3 Nbd7 11. O-O Rac8 12. Qb2 Rc7 13. Rac1 Rfc8 14. Rfe1 cxd4 15. cxd4 Rxc1 16. Rxc1 Rxc1+ 17. Qxc1 Qc6 18. Qxc6 Bxc6 1/2-1/2

[Event "West Wales Open"]
[Site "Pontlliw"]
[Date "2025.11.16"]
[Round "4.15"]
[White "Murthy, Arush"]
[Black "Mckenna, Joshua"]
[Result "1-0"]
[WhiteElo "1599"]
[BlackElo "1750"]
[WhiteFideId "-1"]
[PlyCount "45"]
[GameId "2255041834056286"]
[EventDate "2025.11.14"]
[EventType "swiss"]
[EventRounds "5"]
[EventCountry "WLS"]

1. d4 d5 2. c4 c6 3. cxd5 cxd5 4. Nc3 Nf6 5. Nf3 Nc6 6. Bf4 e6 7. e3 Be7 8. Bd3 O-O 9. O-O Nh5 10. Bg3 Nxg3 11. hxg3 f5 12. a3 a5 13. Rc1 Qe8 14. Bb5 Bd7 15. Na4 g5 16. Nb6 Rd8 17. Nxd7 Rxd7 18. Ne5 Rc7 19. Qa4 Rf6 20. Bxc6 Qh5 21. Be8 Qe2 22. Rxc7 Rh6 23. Qd1 1-0

[Event "West Wales Open"]
[Site "Pontlliw"]
[Date "2025.11.16"]
[Round "4.16"]
[White "Burton, Henry"]
[Black "Williams, John A"]
[Result "1-0"]
[WhiteElo "1446"]
[BlackElo "1686"]
[WhiteFideId "-1"]
[BlackFideId "-1"]
[PlyCount "61"]
[GameId "2255042662562411"]
[EventDate "2025.11.14"]
[EventType "swiss"]
[EventRounds "5"]
[EventCountry "WLS"]

1. Nf3 Nf6 2. c4 g6 3. d3 Bg7 4. Nc3 O-O 5. g3 d6 6. Bg2 e5 7. O-O a5 8. Bg5 h6 9. Bh4 Bg4 10. Bxf6 Bxf6 11. h3 Be6 12. Qb3 Nd7 13. Qxb7 Rb8 14. Qa6 Rxb2 15. Qxa5 Nc5 16. Nb5 e4 17. dxe4 Bxc4 18. Nc3 Qe7 19. Qa3 Rfb8 20. Nh2 Bxe2 21. Nd5 Qe6 22. Nxc7 Qc4 23. Rfc1 Rc2 24. Nd5 Bxa1 25. Rxa1 Qa6 26. Qe3 Kg7 27. Qd4+ Kg8 28. Qf6 Ne6 29. Ne7+ Kf8 30. Nxg6+ Ke8 31. Qxf7+ 1-0

[Event "West Wales Open"]
[Site "Pontlliw"]
[Date "2025.11.16"]
[Round "5.3"]
[White "May, Adam J"]
[Black "Kett, Timothy J"]
[Result "0-1"]
[WhiteElo "1861"]
[BlackElo "2094"]
[BlackFideId "-1"]
[PlyCount "62"]
[GameId "2255045592042162"]
[EventDate "2025.11.14"]
[EventType "swiss"]
[EventRounds "5"]
[EventCountry "WLS"]

1. d4 Nf6 2. Nc3 d5 3. Bf4 e6 4. Nb5 Bd6 5. Nxd6+ cxd6 6. e3 Nc6 7. Nf3 Ne4 8. h4 O-O 9. c3 f6 10. Qc2 e5 11. Bh2 Be6 12. Rd1 Rc8 13. Rg1 Qd7 14. Be2 Qf7 15. Qb1 a6 16. Bd3 b5 17. Nd2 f5 18. Nf1 Qh5 19. Bxe4 fxe4 20. Bg3 b4 21. Nh2 bxc3 22. bxc3 Rb8 23. Qc2 Rb6 24. Rb1 Rfb8 25. Rxb6 Rxb6 26. Nf1 Qe8 27. Nd2 Qb8 28. Ke2 Rb2 29. Qa4 Bd7 30. Qa3 Qb5+ 31. Kd1 Na5 0-1

[Event "West Wales Open"]
[Site "Pontlliw"]
[Date "2025.11.16"]
[Round "5.4"]
[White "Zaporowski, Tomasz"]
[Black "Woodruff, Adam C"]
[Result "0-1"]
[Annotator "Home"]
[WhiteElo "1818"]
[BlackElo "2054"]
[WhiteFideId "-1"]
[BlackFideId "-1"]
[PlyCount "116"]
[GameId "2255046470527688"]
[EventDate "2025.11.14"]
[EventType "swiss"]
[EventRounds "5"]
[EventCountry "WLS"]

{[%evp 0,52,12,32,30,73,26,40,17,17,17,13,20,26,16,41,62,43,59,106,30,31,27,96,103,26,75,9,51,65,77,45,57,44,59,-8,-22,-6,66,7,-19,14,70,-3,22,93,37,46,20,45,186,109,118,31,41]} 1. e4 c5 2. Nf3 d6 3. d4 cxd4 4. Nxd4 Nf6 5. Nc3 g6 6. Be3 Bg7 7. f3 O-O 8. Qd2 Nc6 9. O-O-O d5 10. exd5 Nxd5 11. Nxc6 bxc6 12. Bd4 e5 13. Bc5 Re8 14. Ne4 Be6 15. g4 Qc7 16. h4 Red8 17. Qe1 Nf4 18. Rxd8+ Qxd8 19. b3 a5 20. a4 Rb8 21. Qd2 f5 22. gxf5 gxf5 23. Qxd8+ Rxd8 24. Nd6 e4 25. fxe4 fxe4 26. Ba6 Bd5 27. Nf5 Bc3 28. Rg1+ Kf7 29. Rf1 Ne6 30. Be3 Ke8 31. Be2 Kd7 32. Bd2 Bxd2+ 33. Kxd2 Kc7 34. Ke3 Nc5 35. h5 Rd7 36. Rg1 Rf7 37. Nd4 Re7 38. h6 Rf7 39. Bg4 Rf6 40. Rh1 Bf7 41. Be2 Bg6 42. Rh4 Kd6 43. Bc4 Nd7 44. Rf4 Rxf4 45. Kxf4 Ne5 46. Bf1 Nf7 47. Nf5+ Kc5 48. Bg2 Bxf5 49. Kxf5 e3 50. Bf1 Kd4 51. Ke6 Nxh6 52. Kd6 c5 53. Kc6 Nf5 54. Kb5 Ng3 55. Bd3 h5 56. Kxa5 e2 57. Bxe2 Nxe2 58. Kb6 h4 0-1

[Event "West Wales Open"]
[Site "Pontlliw"]
[Date "2025.11.16"]
[Round "5.5"]
[White "Van Kemenade, Rudy"]
[Black "Thomas, Roy"]
[Result "0-1"]
[WhiteElo "1937"]
[BlackElo "1748"]
[PlyCount "90"]
[GameId "2245121970434129"]
[EventDate "2025.11.14"]
[EventType "swiss"]
[EventRounds "5"]
[EventCountry "WLS"]

1. e4 c5 2. Nf3 Nc6 3. Bb5 g6 4. O-O Bg7 5. c3 Nf6 6. Re1 O-O 7. h3 Qc7 8. d4 cxd4 9. e5 Nd5 10. cxd4 d6 11. Qe2 a6 12. Bc4 Nb6 13. Bb3 d5 14. Nc3 e6 15. Be3 Na5 16. Nd2 Nxb3 17. Nxb3 Nc4 18. Rac1 Qd8 19. Nc5 b6 20. Nd3 Nxe3 21. Qxe3 Bd7 22. Rc2 Rc8 23. Rec1 Qh4 24. f4 Bh6 25. Qf2 Qe7 26. a3 a5 27. g4 Rfd8 28. Rf1 Qe8 29. Qh4 Bf8 30. f5 Be7 31. Qf2 exf5 32. gxf5 Bxf5 33. Qf3 Bxd3 34. Qxd3 Bf8 35. Rcf2 Rc7 36. Rf6 Rb7 37. Qf3 Bg7 38. Nxd5 Rbd7 39. Nxb6 Rxd4 40. Rxf7 Qxe5 41. Rb7 Rd2 42. Rf2 Rxf2 43. Qxf2 Qg5+ 44. Kf1 Rd1+ 45. Ke2 Rd2+ 0-1

[Event "West Wales Open"]
[Site "Pontlliw"]
[Date "2025.11.16"]
[Round "5.6"]
[White "Van Kemenade, Julie"]
[Black "Jukes, Sam"]
[Result "0-1"]
[WhiteElo "1748"]
[BlackElo "1891"]
[WhiteFideId "-1"]
[PlyCount "100"]
[GameId "2245567258898535"]
[EventDate "2025.11.14"]
[EventType "swiss"]
[EventRounds "5"]
[EventCountry "WLS"]

1. e4 c5 2. Nc3 Nc6 3. f4 d6 4. Nf3 e6 5. Be2 g6 6. O-O Bg7 7. Qe1 Nge7 8. d3 O-O 9. Bd1 d5 10. Ne2 b5 11. Ng3 a5 12. Rb1 c4 13. Kh1 b4 14. Be3 c3 15. bxc3 Bxc3 16. Qf2 dxe4 17. dxe4 Ba6 18. Be2 Qc8 19. h4 e5 20. Bxa6 Rxa6 21. f5 gxf5 22. exf5 Nxf5 23. Bd2 Bxd2 24. Nxd2 Nxg3+ 25. Qxg3+ Kh8 26. Rf6 Rg8 27. Qf2 Nd4 28. Ne4 Ne6 29. Qf5 Qxc2 30. Ng5 Qxf5 31. Nxf7+ Kg7 32. Rxf5 Rf8 33. Rbf1 Nf4 34. g3 Rxf7 35. Rxf7+ Kxf7 36. gxf4 Rf6 37. f5 Rh6 38. Rc1 Rxh4+ 39. Kg2 Kf6 40. Kg3 Rd4 41. Rc5 a4 42. Rb5 Kxf5 43. Kf3 h5 44. Ra5 a3 45. Rb5 Ke6 46. Kg3 e4 47. Kh4 Kd6 48. Kxh5 Kc6 49. Rb8 Kd5 50. Kg4 Kc4 0-1

[Event "West Wales Open"]
[Site "Pontlliw"]
[Date "2025.11.16"]
[Round "5.7"]
[White "Brewer, Ben"]
[Black "Bahtiyorova, Nodirabegim"]
[Result "1/2-1/2"]
[WhiteElo "1828"]
[BlackElo "1757"]
[WhiteFideId "-1"]
[BlackFideId "-1"]
[PlyCount "60"]
[GameId "2255064224612426"]
[EventDate "2025.11.14"]
[EventType "swiss"]
[EventRounds "5"]
[EventCountry "WLS"]

1. e4 c5 2. Nc3 d6 3. f4 Nc6 4. Nf3 Nf6 5. Bc4 g6 6. O-O Bg7 7. d3 O-O 8. Qe1 e6 9. e5 dxe5 10. fxe5 Ng4 11. Bg5 Qc7 12. Nb5 Qd7 13. Bf4 a6 14. Nd6 Ngxe5 15. Nxe5 Qxd6 16. Nxf7 Qd4+ 17. Be3 Qxe3+ 18. Qxe3 Bd4 19. Qxd4 Nxd4 20. Ng5 Ne2+ 21. Kh1 Nf4 22. Bb3 Bd7 23. Rf2 Kg7 24. Kg1 Rf5 25. Ne4 Raf8 26. Re1 Bc6 27. Rxf4 Rxf4 28. Nxc5 Kh6 29. Nxe6 Re8 30. Re3 Rh4 1/2-1/2

[Event "West Wales Open"]
[Site "Pontlliw"]
[Date "2025.11.16"]
[Round "5.8"]
[White "Sipho, Donovan"]
[Black "Underwood, Jon"]
[Result "0-1"]
[WhiteElo "1793"]
[BlackElo "1990"]
[WhiteFideId "-1"]
[BlackFideId "-1"]
[PlyCount "72"]
[GameId "2255066080931992"]
[EventDate "2025.11.14"]
[EventType "swiss"]
[EventRounds "5"]
[EventCountry "WLS"]

1. c4 f5 2. Nc3 Nf6 3. g3 g6 4. d4 Bg7 5. Bg2 O-O 6. e4 fxe4 7. Nxe4 Nc6 8. Ne2 Nxe4 9. Bxe4 d6 10. h3 e5 11. d5 Nd4 12. Nxd4 exd4 13. g4 Qh4 14. Bf3 Qf6 15. O-O Qxf3 16. Qxf3 Rxf3 17. Kg2 Rf7 18. f4 Bd7 19. Bd2 Re8 20. Rae1 Rfe7 21. Kf3 c5 22. dxc6 bxc6 23. b4 Rxe1 24. Rxe1 Rxe1 25. Bxe1 Be6 26. c5 dxc5 27. bxc5 Bxa2 28. Ke4 Bd5+ 29. Kd3 Bg2 30. h4 Bh3 31. g5 Bf5+ 32. Kc4 Kf7 33. Ba5 Ke6 34. Bc7 d3 35. Ba5 Be4 36. Bd2 Kf5 0-1

[Event "West Wales Open"]
[Site "Pontlliw"]
[Date "2025.11.16"]
[Round "5.9"]
[White "Plotnikov, Matvii"]
[Black "Bakhtiyarov, Kamronbek"]
[Result "1-0"]
[WhiteElo "1710"]
[BlackElo "1847"]
[WhiteFideId "-1"]
[BlackFideId "-1"]
[PlyCount "59"]
[GameId "2255067294081186"]
[EventDate "2025.11.14"]
[EventType "swiss"]
[EventRounds "5"]
[EventCountry "WLS"]

1. Nf3 Nf6 2. c4 d5 3. cxd5 Nxd5 4. e4 Nf6 5. Nc3 e6 6. a3 Be7 7. d4 O-O 8. b4 b6 9. Bd3 Bb7 10. O-O Nbd7 11. Qc2 g6 12. Bh6 Re8 13. Rad1 a5 14. Qb3 Bf8 15. Bg5 Be7 16. Rfe1 Kg7 17. Bc4 c6 18. d5 exd5 19. exd5 cxd5 20. Nxd5 Bxd5 21. Bxd5 Nxd5 22. Qxd5 Nf6 23. Qb7 Bd6 24. Rxe8 Qxe8 25. Bxf6+ Kxf6 26. Qxb6 Qe7 27. Qd4+ Be5 28. Qh4+ Ke6 29. Qc4+ Kf5 30. g4+ 1-0